Top 10 Songs by The Jimi Hendrix Experience - Statistics

General Stats
  • This quiz has been taken 8 times
  • The average score is 5 of 10
Answer Stats
Hint Answer % Correct
1 All Along the Watchtower
100%
2 Purple Haze
86%
8 Fire
71%
5 Hey Joe
57%
4 Little Wing
57%
10 Red House
57%
3 Voodoo Child (Slight Return)
57%
9 Foxey Lady
43%
6 Castle Made of Sand
0%
7 The Winds Cries Mary
0%
No matching quizzes found
Score Distribution
Percent of People with Each Score
Percentile by Number Answered
Your Score History
You have not taken this quiz